20 Espèces Extraterrestres ou Animales dans Star Wars - Statistiques

Statistiques générales
  • Ce quiz a été pris 275 fois
  • Le résultat moyen est 12 sur 20
Statistiques - réponses
Par images Réponse % Correct
Hutt
93%
Ewok
89%
Wookie
85%
Tusken / Homme des Sables
79%
Jawa
74%
Gungan
73%
Twi'lek
68%
Wampa
65%
Kaminoen
64%
Mon Calamari
61%
Rancor
61%
Bantha
48%
Tauntaun
48%
Rodien
47%
Gamorréen
43%
Togruta
43%
Trandoshien
41%
Toydarien
39%
Quarren
30%
Ugnaught
27%
Aucun quiz correspondant
Distribution des résultats
% des personnes avec chaque résultat
Percentile par nombre de réponses
Votre historique - résultats
Vous n’avez pas pris ce quiz